Lengua española y literatura : 2 Bachillerato

Gespeichert in:
Bibliographische Detailangaben
1. Verfasser: Abreu, María Fernanda de
Weitere Verfasser: Nalda, Bernardo de Viera, Julián
Format: Buch
Sprache:Spanisch
Erschienen: Madrid : Santillana, 1976
Katalog:MANES:  Suchergebnis im Bibliothekskatalog
Schulbuchspezifische Eigenschaften:
Schriftenreihe:Educación Santillana
Tags: Tag hinzufügen
Keine Tags, Fügen Sie den ersten Tag hinzu!
Hinzugefügt zu:14.06.2000
Geändert in:07.05.2025

MARC

LEADER 00000cam a2200000 i 4500
005 20250507134358.0
008 000615s1976 espa fp 000 0 spa d
020 |a 8429413596 
040 |a uned  |b spa  |c entro-manes 
100 1 |a Abreu, María Fernanda de 
245 1 0 |a Lengua española y literatura :   |b 2 Bachillerato /   |c [María Fernanda de Abréu, Bernardo de Nalda, Julián Viera] 
260 |a Madrid :   |b Santillana,   |c 1976 
300 |a 415 p. :   |b il 
490 0 |a Educación Santillana  
546 |a España 
561 |5 es-BUNED  |3 L.T.M. 2344  |a España. Fondo Manes UNED  |k MANES 
690 0 |a LEN 
691 0 |a SE 
700 1 |a Nalda, Bernardo de  |9 36726  |a Viera, Julián  |9 36727 
942 |2 ddc  |c BK 
999 |c 93085  |d 93085 
999 |c manes:93085  |d 93085